000 00570nam a2200205Ia 4500
003 OSt
005 20221005072548.0
006 a|||||r|||| 00| 0
007 ta
008 221004b |||||||| |||| 00| 0 eng d
024 _a103964
037 _cTextual
040 _aCRL
_cCRL
_beng
041 _2eng
_aeng
082 _a312.44.Po3t, P02
245 0 _aProject document national mission for manuscripts
260 _aNew Delhi
_bDepartment of government of India India
_c2002
942 _h312.44.Po3t, P02
_cTEXL
_2cc
999 _c979623
_d979623